| 000 | 00635nam a22001817a 4500 | ||
|---|---|---|---|
| 003 | BUBTL | ||
| 008 | 180118b xxu||||| |||| 00| 0 eng d | ||
| 020 | _a978-984-502-109-8 | ||
| 082 | _a891.443 / Ah52h | ||
| 100 |
_91698 _aআহমেদ,হুমায়ূন |
||
| 245 |
_aহলুদ হিমু কালো র্যাব / _cহুমায়ূন আহমেদ |
||
| 260 |
_aঢাকা : _bঅন্য প্রকাশ, _cc2006 |
||
| 300 |
_a95 p. _c21.5 cm. |
||
| 650 | 0 |
_91687 _aবাংলা সাহিত্য |
|
| 856 |
_k0 _l0 _yDownload |
||
| 942 |
_2ddc _cBK |
||
| 999 |
_c5665 _d5665 |
||